000 00679nam a2200289Ia 4500
005 20260324133327.0
008 008 260324s9999 xx 000 0 eng d
020 _a9781315253053
037 _aEBOOK
040 _aCRL
040 _beng
040 _cCRL
041 _2eng
041 _aeng
084 _qCRL
100 _aHelge Hvid; Peter Hasle
_91192674
245 0 _aHuman Development and Working Life
245 0 _bWork for Welfare
260 _bTaylor and Francis
260 _c2003
365 _a
365 _b145
856 _uhttp://www.taylorfrancis.com/books/9781315253053
942 _cEBOOK
999 _c1791600
_d1791600